000 00639cam a2200253 4500
008 090401t1968 xxu||||| |||| 00| 0 eng d
020 _a0117210994
035 _a(Sirsi) u63714
041 _aeng
050 _a690
110 _aBuilding Research Establishment
245 _aShrinkage of natural aggregates in concrete
260 _aLondon
_bHMSO
_c1968
300 _a8p. : ill. ; 30cm.
350 _a0
490 _aBRE Digest
_v35
520 _a1984 reprint.
650 _aAGGREGATES
650 _aCONCRETE
650 _aSHRINKAGE
690 _aBUILT ENVIRONMENT-BUILDING MATERIALS
942 _n0
948 _c04/03/1997
999 _c94597
_d94597